「わ」で始まる市町村 - Statistics

General Stats
  • This quiz has been taken 369 times
  • The average score is 12 of 16
Answer Stats
都道府県 % Correct
和歌山市 和歌山県
98%
輪島市 石川県
90%
蕨市 埼玉県
89%
稚内市 北海道
88%
和気町 岡山県 和気郡
86%
亘理町 宮城県 亘理郡
86%
和光市 埼玉県
82%
度会町 三重県 度会郡
82%
若狭町 福井県 三方上中郡
78%
若桜町 鳥取県 八頭郡
76%
和木町 山口県 玖珂郡
67%
和寒町 北海道 上川郡 (天塩国)
65%
輪之内町 岐阜県 安八郡
62%
和泊町 鹿児島県 大島郡
61%
和束町 京都府 相楽郡
60%
涌谷町 宮城県 遠田郡
58%
No matching quizzes found
Score Distribution
Percent of People with Each Score
Percentile by Number Answered
Your Score History
You have not taken this quiz